<?xml version="1.0" encoding="UTF-8"?>
<record
    xmlns:xsi="http://www.w3.org/2001/XMLSchema-instance"
    xsi:schemaLocation="http://www.loc.gov/MARC21/slim http://www.loc.gov/standards/marcxml/schema/MARC21slim.xsd"
    xmlns="http://www.loc.gov/MARC21/slim">

  <leader>05119nam a2200721 i 4500</leader>
  <controlfield tag="003">DO-SdBNP</controlfield>
  <controlfield tag="005">20241114085931.0</controlfield>
  <controlfield tag="007">ta</controlfield>
  <controlfield tag="008">240827s2011    dr abo        001 0 spa d</controlfield>
  <datafield tag="020" ind1=" " ind2=" ">
    <subfield code="a">9789945872811</subfield>
  </datafield>
  <datafield tag="040" ind1=" " ind2=" ">
    <subfield code="a">DO-SdBNP</subfield>
    <subfield code="b">spa</subfield>
    <subfield code="c">BNPHU</subfield>
    <subfield code="e">rda</subfield>
  </datafield>
  <datafield tag="041" ind1=" " ind2=" ">
    <subfield code="a">spa</subfield>
  </datafield>
  <datafield tag="082" ind1=" " ind2="4">
    <subfield code="a">333.950223</subfield>
    <subfield code="b">A881b</subfield>
    <subfield code="2">22</subfield>
  </datafield>
  <datafield tag="245" ind1="0" ind2="0">
    <subfield code="a">Atlas de biodiversidad y recursos naturales de la Rep&#xFA;blica Dominicana /</subfield>
    <subfield code="c">edici&#xF3;n Amarilis Polonia, Mariana P&#xE9;rez ; cartograf&#xED;a Patria S&#xE1;nchez, Santiago Hern&#xE1;ndez, Yoenny Urb&#xE1;ez, Alba Cadete, Fidelina Fern&#xE1;ndez ; fotograf&#xED;as, Adri&#xE1;n Tejedor, Adolfo L&#xF3;pez, Andreas Schubert, C&#xE9;sar S&#xE1;nchez, Daneris Santana y otros.</subfield>
  </datafield>
  <datafield tag="250" ind1=" " ind2=" ">
    <subfield code="a">Primera edici&#xF3;n </subfield>
  </datafield>
  <datafield tag="264" ind1=" " ind2="4">
    <subfield code="a">Santo Domingo, Rep&#xFA;blica Dominicana :</subfield>
    <subfield code="b">Ministerio de Medio Ambiente y Recursos Naturales,</subfield>
    <subfield code="c">&#xA9;2011.</subfield>
  </datafield>
  <datafield tag="300" ind1=" " ind2=" ">
    <subfield code="a">110 p&#xE1;ginas :</subfield>
    <subfield code="b">ilustraciones, mapas, retratos ;</subfield>
    <subfield code="c">35 x 48 cm.</subfield>
  </datafield>
  <datafield tag="336" ind1=" " ind2=" ">
    <subfield code="a">texto</subfield>
    <subfield code="b">txt</subfield>
    <subfield code="2">rdacontent</subfield>
  </datafield>
  <datafield tag="337" ind1=" " ind2=" ">
    <subfield code="a">sin mediaci&#xF3;n</subfield>
    <subfield code="b">n</subfield>
    <subfield code="2">rdamedia </subfield>
  </datafield>
  <datafield tag="338" ind1=" " ind2=" ">
    <subfield code="a">volumen</subfield>
    <subfield code="b">nc</subfield>
    <subfield code="2">rdacarrier</subfield>
  </datafield>
  <datafield tag="500" ind1=" " ind2=" ">
    <subfield code="a">Incluye glosario. </subfield>
  </datafield>
  <datafield tag="504" ind1=" " ind2=" ">
    <subfield code="a">Bibliograf&#xED;a: p. 105</subfield>
  </datafield>
  <datafield tag="505" ind1="0" ind2=" ">
    <subfield code="g">Introducci&#xF3;n --</subfield>
    <subfield code="g">Aspectos f&#xED;sicos --</subfield>
    <subfield code="t">Elevaciones -- Orograf&#xED;a -- Rangos de pendiente -- Regiones geom&#xF3;rficas /</subfield>
    <subfield code="g">Biodiversidad --</subfield>
    <subfield code="t">Zonas de alto endemismo -- Flora end&#xE9;mica y nativa en peligro de extinci&#xF3;n -- Invertebrados end&#xE9;micos y nativos amenazados y en peligro -- Anfibios end&#xE9;micos amenazados -- Reptiles end&#xE9;micos y nativos amenazados -- Aves end&#xE9;micas y nativas amenazados -- &#xC1;reas importantes para la conservaci&#xF3;n de las aves -- Mam&#xED;feros end&#xE9;micos y nativos amenazados -- Humedales -- Ecosistemas costeros marinos -- Sistema nacional de &#xE1;reas protegidas /</subfield>
    <subfield code="g">Recursos h&#xED;dricos --</subfield>
    <subfield code="t">Zonas productoras de agua superficiales -- Hidrograf&#xED;a y localizaci&#xF3;n de presas -- Cuencas y subcuencas hidrogr&#xE1;ficas -- Hidrogeolog&#xED;a (aguas subterr&#xE1;neas) -- Distritos de riego, canales y &#xE1;reas irrigadas /</subfield>
    <subfield code="g">Aspectos clim&#xE1;ticos --</subfield>
    <subfield code="t">Isoyetas (precipitaci&#xF3;n media anual) -- Estaciones meteorol&#xF3;gicas -- Potencial e&#xF3;lico -- Zonas ecol&#xF3;gicas o zonas de vida -- &#xCD;ndice de Aridez / </subfield>
    <subfield code="g">Recursos biof&#xED;sicos --</subfield>
    <subfield code="t">Capacidad productiva de los suelos -- Unidad de recursos para la planificaci&#xF3;n del uso de los suelos (URP) -- Asociaciones de suelos -- Uso y cobertura de la tierra 1996 -- Uso y cobertura de la tierra 2003 -- Cobertura boscosa 1996 -- Cobertura boscosa 2003 -- Cuevas -- Zonas de reforestaci&#xF3;n y viveros forestales -- Geolog&#xED;a -- Recursos minerales -- Canteras y agregados /</subfield>
    <subfield code="g">Amenazas naturales --</subfield>
    <subfield code="t">Zonas con amenaza a inundaciones -- Sismo-tect&#xF3;nica -- Rutas de huracanes y tormentas tropicales -- Fen&#xF3;menos clim&#xE1;ticos en los &#xFA;ltimos 25 a&#xF1;os -- Inundaciones tormenta Noel /</subfield>
    <subfield code="g">Divisi&#xF3;n pol&#xED;tica-Administrativa --</subfield>
    <subfield code="t">V&#xED;as de comunicaci&#xF3;n terrestre -- Pol&#xED;tico-Administrativo /</subfield>
    <subfield code="t">Fuentes de la informaci&#xF3;n cartogr&#xE1;fica --</subfield>
    <subfield code="t">Fuentes fotogr&#xE1;ficas --</subfield>
    <subfield code="t">Fuentes bibliogr&#xE1;ficas --</subfield>
    <subfield code="t">Glosario de t&#xE9;rminos --</subfield>
    <subfield code="t">Equipo t&#xE9;cnico /</subfield>
  </datafield>
  <datafield tag="590" ind1=" " ind2=" ">
    <subfield code="a">Inventariado 2024 / YL</subfield>
  </datafield>
  <datafield tag="650" ind1=" " ind2="4">
    <subfield code="a">Diversidad biol&#xF3;gica</subfield>
    <subfield code="v">Atlas</subfield>
    <subfield code="9">23164</subfield>
  </datafield>
  <datafield tag="650" ind1=" " ind2="4">
    <subfield code="a">Ecosistemas</subfield>
    <subfield code="z">Rep&#xFA;blica Dominicana</subfield>
    <subfield code="v">Mapas</subfield>
    <subfield code="9">23165</subfield>
  </datafield>
  <datafield tag="650" ind1=" " ind2="4">
    <subfield code="a">Conservaci&#xF3;n de la vida silvestre</subfield>
    <subfield code="z">Rep&#xFA;blica Dominicana</subfield>
    <subfield code="v">Mapas</subfield>
    <subfield code="9">23166</subfield>
  </datafield>
  <datafield tag="650" ind1=" " ind2="4">
    <subfield code="a">Conservaci&#xF3;n de los recursos naturales</subfield>
    <subfield code="z">Rep&#xFA;blica Dominicana</subfield>
    <subfield code="v">Mapas</subfield>
    <subfield code="9">23167</subfield>
  </datafield>
  <datafield tag="700" ind1="1" ind2=" ">
    <subfield code="a">Polonia, Amarilis </subfield>
    <subfield code="9">23168</subfield>
    <subfield code="e">editor</subfield>
    <subfield code="4">ed.</subfield>
  </datafield>
  <datafield tag="700" ind1="1" ind2=" ">
    <subfield code="a">P&#xE9;rez, Mariana </subfield>
    <subfield code="e">editor</subfield>
    <subfield code="9">86426</subfield>
    <subfield code="4">ed.</subfield>
  </datafield>
  <datafield tag="700" ind1="1" ind2=" ">
    <subfield code="a">S&#xE1;nchez, Patria </subfield>
    <subfield code="e">cart&#xF3;grafo</subfield>
    <subfield code="9">86427</subfield>
  </datafield>
  <datafield tag="700" ind1="1" ind2=" ">
    <subfield code="a">Hern&#xE1;ndez, Santiago </subfield>
    <subfield code="e">cart&#xF3;grafo</subfield>
    <subfield code="9">86428</subfield>
  </datafield>
  <datafield tag="700" ind1="1" ind2=" ">
    <subfield code="a">Urb&#xE1;ez, Yoenny </subfield>
    <subfield code="e">cart&#xF3;grafo</subfield>
    <subfield code="9">86429</subfield>
  </datafield>
  <datafield tag="700" ind1="1" ind2=" ">
    <subfield code="a">Cadete, Alba </subfield>
    <subfield code="e">cart&#xF3;grafo</subfield>
    <subfield code="9">86430</subfield>
  </datafield>
  <datafield tag="700" ind1="1" ind2=" ">
    <subfield code="a">Fern&#xE1;ndez, Fidelina </subfield>
    <subfield code="e">cart&#xF3;grafo</subfield>
    <subfield code="9">86431</subfield>
  </datafield>
  <datafield tag="700" ind1="1" ind2=" ">
    <subfield code="a">Tejedor, Adrian </subfield>
    <subfield code="e">fot&#xF3;grafo</subfield>
    <subfield code="9">86432</subfield>
  </datafield>
  <datafield tag="700" ind1="1" ind2=" ">
    <subfield code="a">L&#xF3;pez, Adolfo </subfield>
    <subfield code="9">86433</subfield>
    <subfield code="e">fot&#xF3;grafo </subfield>
  </datafield>
  <datafield tag="700" ind1="1" ind2=" ">
    <subfield code="a">Schubert, Andreas </subfield>
    <subfield code="9">86434</subfield>
    <subfield code="e">fot&#xF3;grafo</subfield>
  </datafield>
  <datafield tag="700" ind1="1" ind2=" ">
    <subfield code="a">S&#xE1;nchez, C&#xE9;sar </subfield>
    <subfield code="9">86435</subfield>
    <subfield code="e">fot&#xF3;grafo</subfield>
  </datafield>
  <datafield tag="700" ind1="1" ind2=" ">
    <subfield code="a">Santana, Daneris  </subfield>
    <subfield code="9">86436</subfield>
    <subfield code="e">fot&#xF3;grafo</subfield>
  </datafield>
  <datafield tag="700" ind1="1" ind2=" ">
    <subfield code="a">Castillo, Eusebio</subfield>
    <subfield code="e">fot&#xF3;grafo</subfield>
    <subfield code="9">86437</subfield>
  </datafield>
  <datafield tag="700" ind1="1" ind2=" ">
    <subfield code="a">Rupp, Ernst</subfield>
    <subfield code="e">fot&#xF3;grafo</subfield>
    <subfield code="9">86438</subfield>
  </datafield>
  <datafield tag="700" ind1="1" ind2=" ">
    <subfield code="a">Jim&#xE9;nez, Francisco </subfield>
    <subfield code="e">fot&#xF3;grafo</subfield>
    <subfield code="9">24070</subfield>
  </datafield>
  <datafield tag="700" ind1="1" ind2=" ">
    <subfield code="a">Torrado, Irene</subfield>
    <subfield code="e">fot&#xF3;grafo</subfield>
    <subfield code="9">86439</subfield>
  </datafield>
  <datafield tag="700" ind1="1" ind2=" ">
    <subfield code="a">Bauer, Jerry</subfield>
    <subfield code="e">fot&#xF3;grafo</subfield>
    <subfield code="9">86440</subfield>
  </datafield>
  <datafield tag="700" ind1="1" ind2=" ">
    <subfield code="a">Brocca, Jorge</subfield>
    <subfield code="e">fot&#xF3;grafo </subfield>
    <subfield code="9">85671</subfield>
  </datafield>
  <datafield tag="700" ind1="1" ind2=" ">
    <subfield code="a">&#xC1;lvarez, Jos&#xE9; Alejandro </subfield>
    <subfield code="e">fot&#xF3;ografo</subfield>
    <subfield code="9">78811</subfield>
  </datafield>
  <datafield tag="700" ind1="1" ind2=" ">
    <subfield code="a">Soto, Jos&#xE9; Luis</subfield>
    <subfield code="e">fot&#xF3;grafo</subfield>
    <subfield code="9">15817</subfield>
  </datafield>
  <datafield tag="700" ind1="1" ind2=" ">
    <subfield code="a">Guerrero, Kelvin </subfield>
    <subfield code="e">fot&#xF3;grafo</subfield>
    <subfield code="9">86441</subfield>
  </datafield>
  <datafield tag="700" ind1="1" ind2=" ">
    <subfield code="a">Landestoy, Miguel </subfield>
    <subfield code="e">fot&#xF3;grafo</subfield>
    <subfield code="9">84812</subfield>
  </datafield>
  <datafield tag="700" ind1="1" ind2=" ">
    <subfield code="a">Gonz&#xE1;lez, Milton</subfield>
    <subfield code="e">fot&#xF3;grafo</subfield>
    <subfield code="9">83244</subfield>
  </datafield>
  <datafield tag="700" ind1="1" ind2=" ">
    <subfield code="a">Garc&#xED;a Marcano, Nelson</subfield>
    <subfield code="e">fot&#xF3;grafo</subfield>
    <subfield code="9">86442</subfield>
  </datafield>
  <datafield tag="700" ind1="1" ind2=" ">
    <subfield code="a">Genaro Rodr&#xED;guez, Pedro</subfield>
    <subfield code="e">fot&#xF3;grafo</subfield>
    <subfield code="9">82770</subfield>
  </datafield>
  <datafield tag="700" ind1="1" ind2=" ">
    <subfield code="a">Taveras, Pedro</subfield>
    <subfield code="e">fot&#xF3;grafo  </subfield>
    <subfield code="9">86443</subfield>
  </datafield>
  <datafield tag="700" ind1="1" ind2=" ">
    <subfield code="a">Briones, Ricardo</subfield>
    <subfield code="e">fot&#xF3;grafo</subfield>
    <subfield code="9">29826</subfield>
  </datafield>
  <datafield tag="700" ind1="1" ind2=" ">
    <subfield code="a">Rodr&#xED;guez, Rosa</subfield>
    <subfield code="e">fot&#xF3;grafo </subfield>
    <subfield code="9">86444</subfield>
  </datafield>
  <datafield tag="700" ind1="1" ind2=" ">
    <subfield code="a">Rodr&#xED;guez, S&#xE9;sar</subfield>
    <subfield code="e">fot&#xF3;grafo </subfield>
    <subfield code="9">86279</subfield>
  </datafield>
  <datafield tag="700" ind1="1" ind2=" ">
    <subfield code="a">Montilla, Tom&#xE1;s</subfield>
    <subfield code="e">fot&#xF3;grafo </subfield>
    <subfield code="9">86445</subfield>
  </datafield>
  <datafield tag="700" ind1="1" ind2=" ">
    <subfield code="a">Le&#xF3;n, Yolanda</subfield>
    <subfield code="e">fot&#xF3;grafo</subfield>
    <subfield code="9">61576</subfield>
  </datafield>
  <datafield tag="710" ind1="1" ind2=" ">
    <subfield code="a">Rep&#xFA;blica Dominicana.</subfield>
    <subfield code="b"> Ministerio de Medio Ambiente y Recursos Naturales.</subfield>
    <subfield code="9">66969</subfield>
  </datafield>
  <datafield tag="910" ind1=" " ind2=" ">
    <subfield code="a">YLockward/Validado. Control de calidad MFF</subfield>
  </datafield>
  <datafield tag="942" ind1=" " ind2=" ">
    <subfield code="2">ddc</subfield>
    <subfield code="c">LBS1</subfield>
  </datafield>
  <datafield tag="952" ind1=" " ind2=" ">
    <subfield code="0">0</subfield>
    <subfield code="1">0</subfield>
    <subfield code="2">ddc</subfield>
    <subfield code="5">1</subfield>
    <subfield code="7">0</subfield>
    <subfield code="8">PD</subfield>
    <subfield code="a">BNPHU</subfield>
    <subfield code="b">BNPHU</subfield>
    <subfield code="c">HD</subfield>
    <subfield code="d">2019-09-02</subfield>
    <subfield code="e">Deposito Legal</subfield>
    <subfield code="l">0</subfield>
    <subfield code="o">BNPHU R-PD 333.950223 A881b</subfield>
    <subfield code="p">2024-5122</subfield>
    <subfield code="r">2024-08-27</subfield>
    <subfield code="w">2024-08-27</subfield>
    <subfield code="y">LBS1</subfield>
  </datafield>
  <datafield tag="952" ind1=" " ind2=" ">
    <subfield code="0">0</subfield>
    <subfield code="1">0</subfield>
    <subfield code="2">ddc</subfield>
    <subfield code="5">1</subfield>
    <subfield code="7">0</subfield>
    <subfield code="8">PD</subfield>
    <subfield code="a">BNPHU</subfield>
    <subfield code="b">BNPHU</subfield>
    <subfield code="c">HD</subfield>
    <subfield code="d">2019-09-02</subfield>
    <subfield code="e">Deposito Legal</subfield>
    <subfield code="l">0</subfield>
    <subfield code="o"> BNPHU R-PD 333.950223 A881b</subfield>
    <subfield code="p">2024-5123</subfield>
    <subfield code="r">2024-08-27</subfield>
    <subfield code="t">e. 2</subfield>
    <subfield code="w">2024-08-27</subfield>
    <subfield code="y">LBS1</subfield>
  </datafield>
  <datafield tag="952" ind1=" " ind2=" ">
    <subfield code="0">0</subfield>
    <subfield code="1">0</subfield>
    <subfield code="2">ddc</subfield>
    <subfield code="5">6</subfield>
    <subfield code="7">0</subfield>
    <subfield code="8">DS</subfield>
    <subfield code="a">BNPHU</subfield>
    <subfield code="b">BNPHU</subfield>
    <subfield code="c">HD</subfield>
    <subfield code="d">2019-09-02</subfield>
    <subfield code="e">Deposito Legal</subfield>
    <subfield code="l">0</subfield>
    <subfield code="o">BNPHU R-DS 333.950223 A881b</subfield>
    <subfield code="p">2024-5124</subfield>
    <subfield code="r">2024-08-27</subfield>
    <subfield code="t">e. 3</subfield>
    <subfield code="w">2024-08-27</subfield>
    <subfield code="y">LBS1</subfield>
  </datafield>
  <datafield tag="999" ind1=" " ind2=" ">
    <subfield code="c">57561</subfield>
    <subfield code="d">57561</subfield>
  </datafield>
</record>
